Weapon of peace how religious liberty combats terrorism
Guardat en:
| Autor principal: | |
|---|---|
| Format: | Llibre |
| Idioma: | anglès |
| Publicat: |
Cambridge University Press
2018
|
| Etiquetes: |
Afegir etiqueta
Sense etiquetes, Sigues el primer a etiquetar aquest registre!
|
MARC
| LEADER | 00000nam a22000007a 4500 | ||
|---|---|---|---|
| 008 | 230824b |||||||| |||| 00| 0 eng d | ||
| 020 | |a 9781108464116 | ||
| 100 | |a SAIYA, Nilay | ||
| 245 | |a Weapon of peace |b how religious liberty combats terrorism |c / Nilay Saiya |g xi,231p ;ill | ||
| 260 | |b Cambridge University Press |c 2018 |h Cambridge, UK |i 700099 |i 700100 |l HV6431.Sa2 |m Terrorism -Religious aspects |m Terrorism - Prevention |m Freedom of religion | ||
| 500 | |a Includes bibliographical references and index | ||
| 942 | |a lcc |c BK |e Johnson |f 24/08/23 | ||
| 952 | |0 0 |1 0 |2 lcc |4 0 |6 HV6431 S A2 |7 0 |9 4429 |a SSL |b HOL |c GJ |d 2023-08-24 |l 0 |o HV6431.Sa2 |p 2023-0352 |r 2023-08-24 00:00:00 |t 700099 |w 2023-08-24 |y BK | ||
| 952 | |0 0 |1 0 |2 lcc |4 0 |6 HV6431 S A2 |7 0 |9 4430 |a SSL |b HOL |c GJ |d 2023-08-24 |l 0 |o HV6431.Sa2 |r 2023-08-24 00:00:00 |t 700099 |w 2023-08-24 |y BK | ||
| 952 | |0 0 |1 0 |2 lcc |4 0 |6 HV6431 S A2 |7 0 |9 4431 |a HOL |b HOL |c GJ |d 2023-08-24 |l 0 |o HV6431.Sa2 |p 2023-0353 |r 2023-08-24 00:00:00 |t 700100 |w 2023-08-24 |y BK | ||
| 999 | |c 2223 |d 2223 | ||